Efficiency and productivity growth modelling in the financial services industry /

Bibliographic Details
Main Author: Pasiouras, Fotios.
Corporate Author: ProQuest (Firm)
Format: Electronic eBook
Language:English
Published: Chichester, West Sussex : John Wiley & Sons, 2013.
Series:Statistics in practice.
Subjects:
Online Access:Click to View
LEADER 01493nam a2200385 a 4500
001 EBC1155261
003 MiAaPQ
005 20200520144314.0
006 m o d |
007 cr cn|||||||||
008 121116s2013 enkad sb 001 0 eng d
010 |z  2012045881 
020 |z 9781119967521 (cloth) 
020 |a 9781118541562 (electronic bk.) 
035 |a (MiAaPQ)EBC1155261 
035 |a (Au-PeEL)EBL1155261 
035 |a (CaPaEBR)ebr10677739 
035 |a (CaONFJC)MIL469775 
035 |a (OCoLC)831116693 
040 |a MiAaPQ  |c MiAaPQ  |d MiAaPQ 
050 4 |a HG1601  |b .P29 2013 
082 0 4 |a 332.101/5195  |2 23 
100 1 |a Pasiouras, Fotios. 
245 1 0 |a Efficiency and productivity growth  |h [electronic resource] :  |b modelling in the financial services industry /  |c edited by Fotios Pasiouras. 
260 |a Chichester, West Sussex :  |b John Wiley & Sons,  |c 2013. 
300 |a xviii, 268 p. :  |b ill. 
490 1 |a Statistics in practice 
504 |a Includes bibliographical references and index. 
533 |a Electronic reproduction. Ann Arbor, MI : ProQuest, 2015. Available via World Wide Web. Access may be limited to ProQuest affiliated libraries. 
650 0 |a Banks and banking  |x Econometric models. 
650 0 |a Financial services industry  |x Econometric models. 
655 4 |a Electronic books. 
710 2 |a ProQuest (Firm) 
830 0 |a Statistics in practice. 
856 4 0 |u https://ebookcentral.proquest.com/lib/matrademy/detail.action?docID=1155261  |z Click to View